| 000 | 00721nam a2200289Ia 4500 | ||
|---|---|---|---|
| 005 | 20260324124030.0 | ||
| 008 | 008 260324s9999 xx 000 0 eng d | ||
| 020 | _a9780203137253 | ||
| 037 | _aEBOOK | ||
| 040 | _aCRL | ||
| 040 | _beng | ||
| 040 | _cCRL | ||
| 041 | _2eng | ||
| 041 | _aeng | ||
| 084 | _qCRL | ||
| 100 |
_aL.A.C.J. (Leo) Lucassen; W.H. (Wim) Willems _91172591 |
||
| 245 | 0 | _aLiving in the City | |
| 245 | 0 | _bUrban Institutions in the Low Countries, 1200–2010 | |
| 260 | _bTaylor and Francis | ||
| 260 | _c2011 | ||
| 365 | _a | ||
| 365 | _b70.99 | ||
| 856 | _uhttp://www.taylorfrancis.com/books/9780203137253 | ||
| 942 | _cEBOOK | ||
| 999 |
_c1766623 _d1766623 |
||